Zákazník odmieta byť piatym kolesom na voze
Špecialista na insight, branding a komunikačné stratégie, Marian Timoracký hovorí o tom, že firmy nie vždy dokážu reagovať na meniace sa potreby zákazníka.
Saved in:
| Main Author: | |
|---|---|
| Format: | Book Chapter |
| Language: | Slovak |
| Subjects: | |
| Tags: |
No Tags, Be the first to tag this record!
|
MARC
| LEADER | 00000naa a2200000 4500 | ||
|---|---|---|---|
| 001 | 0222557 | ||
| 005 | 20211012075014.1 | ||
| 041 | 0 | |a slo | |
| 044 | |a SK | ||
| 245 | 1 | 0 | |a Zákazník odmieta byť piatym kolesom na voze |c Marian Timoracký |
| 520 | |a Špecialista na insight, branding a komunikačné stratégie, Marian Timoracký hovorí o tom, že firmy nie vždy dokážu reagovať na meniace sa potreby zákazníka. | ||
| 610 | 2 | 0 | |a rozhovor |
| 610 | 2 | 0 | |a poradcovia |
| 610 | 2 | 0 | |a marketing služieb |
| 610 | 2 | 0 | |a komunikácia marketingová |
| 610 | 2 | 0 | |a marketing nákupný |
| 610 | 2 | 0 | |a spokojnosť zákazníkov |
| 100 | 1 | |a Timoracký, Marian | |